Billboard artists #3: 2020 Top artists - Statistics

General Stats
  • This quiz has been taken 15 times
  • The average score is 8 of 20
Answer Stats
Hint Answer % Correct
15 Justin Bieber
75%
9 Taylor Swift
75%
5 Drake
67%
1 Post Malone
58%
2 The Weeknd
58%
11 Billie Eilish
50%
12 Dua Lipa
50%
8 Harry Styles
50%
19 Bad Bunny
42%
18 BTS
42%
4 DaBaby
33%
6 Juice WRLD
33%
3 Roddy Ricch
33%
7 Lil Baby
25%
20 Megan Thee Stallion
25%
10 Pop Smoke
17%
16 Lewis Capaldi
8%
14 Lil Uzi Vert
8%
13 Luke Combs
8%
17 YoungBoy Never Broke Again
0%
No matching quizzes found
Score Distribution
Percent of People with Each Score
Percentile by Number Answered
Your Score History
You have not taken this quiz